000 01473nam a22003495i 4500
003 EG-ScBUE
005 20260513085025.0
008 191016s2006 ua frb 000 0bara d
017 _a2006 / 20849
020 _a9774031075
040 _aEG-ScBUE
_bara
_erda
_cEG-ScBUE
_dEG-ScBUE
043 _aa-my---
082 0 4 _a959.5054092
_bف ك ر
_222
245 0 2 _aالفكر السياسي لمحاضير محمد =
_bThe political thought of Tun Mahathir bin Mohamed /
_cتحرير أ. د. محمد السيد سليم.
246 3 1 _aThe political thought of Tun Mahathir bin Mohamed
264 1 _aالجيزة :
_bجامعة القاهرة، برنامج الدراسات الماليزية،
_c2006.
300 _aح، 231 صفحة ؛
_c24 سم
336 _aنص
_btxt
_2rdacontent
337 _aبدون وسيط
_bn
_2rdamedia
338 _aمجلد
_bnc
_2rdacarrier
500 _aيشتمل على ملاحق.
504 _aيشتمل على إرجاعات ببليوجرافية.
541 _aDr. Gamal Selim ;
_cDonation ;
600 1 7 _aمحمد، مهاتير،
_d1925-
_2BUEsh
651 7 _aماليزيا
_xسياسة وحكومة
_yقرن 20.
_2BUEsh
651 7 _aماليزيا
_xأحوال سياسية
_yقرن 20.
_2BUEsh
651 7 _aماليزيا
_xأحوال اقتصادية
_yقرن 20.
_2BUEsh
653 _bBUSBOL
_bMASPPSS
_cOctober2019
655 _vReading book
700 1 _aسليم، محمد السيد،
_eمحرر.
942 _2ddc
999 _c27687
_d27658